[Event "GER-chT LG-1 email"]
[Site "GER email"]
[Date "2007.10.25"]
[Round "?"]
[White "Michalek, Mathias"]
[Black "Zielinski, Sergej"]
[Result "1/2-1/2"]
[WhiteElo "2000"]
[BlackElo "2332"]
[PlyCount "102"]
[EventDate "2007.??.??"]
[EventType "tourn (corr)"]
[EventRounds "8"]
[EventCountry "GER"]
[SourceTitle "Corr 2011"]
[Source "ChessBase"]
[SourceDate "2010.08.31"]
[SourceVersion "1"]
[SourceVersionDate "2010.08.31"]
[SourceQuality "1"]

1. d4 d5 2. Nc3 Nf6 3. e4 dxe4 4. f3 exf3 5. Nxf3 Bg4 6. h3 Bxf3 7. Qxf3 c6 8. g4 Qxd4 9. Be3 Qd6 10. g5 Nfd7 11. Qf2 Ne5 12. Bg2 Nbd7 13. Rd1 Qc7 14. 0-0 e6 15. Kh1 Be7 16. Bf4 Qa5 17. Qg3 Ng6 18. a3 Rc8 19. Ne4 Nde5 20. Bd2 Qc7 21. h4 Nc4 22. Qf2 0-0 23. Bc3 e5 24. Rde1 Nf4 25. Nf6+ Kh8 26. Ng4 f6 27. gxf6 Bxf6 28. Re4 Nxg2 29. Kxg2 Qd7 30. Qe2 b5 31. b3 Nd6 32. Rd1 Qe6 33. Nxf6 Rxf6 34. Rxe5 Qf7 35. Re7 Rf2+ 36. Qxf2 Qxe7 37. Re1 Ne4 38. Qf5 Re8 39. h5 Kg8 40. Bd4 a6 41. c4 Qe6 42. Qxe6+ Rxe6 43. cxb5 cxb5 44. Rc1 g6 45. Rc8+ Kf7 46. Rc7+ Re7 47. hxg6+ hxg6 48. Rc6 Rd7 49. Be5 Rd5 50. Bb8 a5 51. Ra6 Nc5 1/2-1/2

[Event "GER-chT2 LF-23 B4 email"]
[Site "GER email"]
[Date "2007.??.??"]
[Round "?"]
[White "Gensicke, Wolfgang"]
[Black "Michalek, Mathias"]
[Result "1/2-1/2"]
[WhiteElo "2071"]
[BlackElo "1954"]
[PlyCount "87"]
[EventDate "2007.??.??"]
[EventType "team (corr)"]
[EventRounds "9"]
[EventCountry "GER"]
[SourceTitle "Corr 2008"]
[Source "ChessBase"]
[SourceDate "2008.06.24"]
[SourceVersion "1"]
[SourceVersionDate "2008.06.24"]
[SourceQuality "1"]

1. Nf3 d5 2. d4 c6 3. c4 dxc4 4. e3 Be6 5. Nbd2 b5 6. a4 Qa5 7. Be2 Nf6 8. 0-0 g6 9. Ng5 Bf5 10. e4 Bc8 11. e5 h6 12. exf6 hxg5 13. Ne4 Bf5 14. Ng3 exf6 15. Nxf5 gxf5 16. Qc2 Bd6 17. f4 Qb6 18. Qxf5 Nd7 19. Be3 0-0-0 20. axb5 cxb5 21. Bg4 Rhe8 22. Bf2 Bxf4 23. Rfe1 Rxe1+ 24. Rxe1 Bd6 25. Re8 Qc6 26. Bf3 Qc7 27. Re3 a6 28. g3 Kb8 29. Re1 Bb4 30. Ra1 Qb6 31. Qd5 a5 32. h4 Nf8 33. Qxf7 Rd7 34. Qe8+ Rd8 35. Qe4 gxh4 36. gxh4 Ne6 37. Kh1 Nc7 38. Rg1 f5 39. Qf4 Qd6 40. Qg5 a4 41. Bg3 Qd7 42. Qh6 Bd6 43. Bxd6 Qxd6 44. Rg6 1/2-1/2

[Event "GER-chT2 LF-23 B4 email"]
[Site "GER email"]
[Date "2007.??.??"]
[Round "?"]
[White "Merk, Tobias"]
[Black "Michalek, Mathias"]
[Result "1/2-1/2"]
[WhiteElo "2152"]
[BlackElo "1954"]
[PlyCount "39"]
[EventDate "2007.??.??"]
[EventType "team (corr)"]
[EventRounds "9"]
[EventCountry "GER"]
[SourceTitle "Corr 2008"]
[Source "ChessBase"]
[SourceDate "2008.06.24"]
[SourceVersion "1"]
[SourceVersionDate "2008.06.24"]
[SourceQuality "1"]

1. e4 e5 2. Nf3 Nc6 3. Bb5 a6 4. Ba4 Nf6 5. 0-0 Be7 6. Re1 b5 7. Bb3 d6 8. c3 0-0 9. h3 Na5 10. Bc2 c5 11. d4 Qc7 12. Nbd2 cxd4 13. cxd4 Nc6 14. a3 Bd7 15. Nb3 a5 16. Be3 a4 17. Nbd2 Qb7 18. Rc1 Rfe8 19. Bb1 h6 20. b4 1/2-1/2

[Event "GER-chT2 LF-23 B4 email"]
[Site "GER email"]
[Date "2007.??.??"]
[Round "?"]
[White "Michalek, Mathias"]
[Black "Kregelin, Jan"]
[Result "0-1"]
[WhiteElo "1954"]
[BlackElo "2067"]
[PlyCount "91"]
[EventDate "2007.??.??"]
[EventType "team (corr)"]
[EventRounds "9"]
[EventCountry "GER"]
[SourceTitle "Corr 2008"]
[Source "ChessBase"]
[SourceDate "2008.06.24"]
[SourceVersion "1"]
[SourceVersionDate "2008.06.24"]
[SourceQuality "1"]

1. e4 c6 2. d4 d5 3. e5 Bf5 4. Nc3 e6 5. g4 Bg6 6. Nge2 c5 7. h4 h5 8. Nf4 Bh7 9. Nxh5 Nc6 10. dxc5 Bxc5 11. Bb5 Qc7 12. Bxc6+ Qxc6 13. Qf3 0-0-0 14. Bg5 Be4 15. Nxe4 dxe4 16. Qh3 Be7 17. Qe3 f6 18. Bf4 Bb4+ 19. c3 Bc5 20. Qe2 e3 21. f3 f5 22. Bxe3 fxg4 23. Bxc5 gxf3 24. Qf2 Rxh5 25. Bd4 Qe4+ 26. Kd2 Rxe5 27. Rae1 Nf6 28. Qe3 f2 29. Qxf2 Qxh1 30. Rxh1 Ne4+ 31. Ke3 Nxf2+ 32. Kxf2 Rh5 33. Bxg7 Rd2+ 34. Kg3 Rxb2 35. a3 Ra2 36. Kg4 Rf5 37. Bd4 Rxa3 38. Re1 Kd7 39. Rd1 Rd5 40. Rh1 e5 41. Be3 Rd3 42. Bg5 Ke6 43. Rf1 Rdxc3 44. Rf6+ Kd5 45. Rf8 Rc4+ 46. Kh5 0-1

[Event "GER-chT2 LF-23 B4 email"]
[Site "GER email"]
[Date "2007.??.??"]
[Round "?"]
[White "Michalek, Mathias"]
[Black "Mamonovas, Viktoras"]
[Result "1/2-1/2"]
[WhiteElo "1954"]
[BlackElo "2082"]
[PlyCount "55"]
[EventDate "2007.??.??"]
[EventType "team (corr)"]
[EventRounds "9"]
[EventCountry "GER"]
[SourceTitle "Corr 2008"]
[Source "ChessBase"]
[SourceDate "2008.06.24"]
[SourceVersion "1"]
[SourceVersionDate "2008.06.24"]
[SourceQuality "1"]

1. e4 c5 2. Nf3 d6 3. d4 cxd4 4. Nxd4 Nf6 5. Nc3 a6 6. Be3 e5 7. Nb3 Be6 8. f3 Be7 9. Qd2 0-0 10. 0-0-0 b5 11. g4 Nbd7 12. g5 b4 13. Ne2 Ne8 14. Kb1 a5 15. Nbc1 Nb6 16. Ng3 d5 17. Bxb6 Qxb6 18. exd5 Rd8 19. Bc4 Nc7 20. Qe2 Nxd5 21. Qxe5 Bd6 22. Qd4 Bxg3 23. Qxb6 Nxb6 24. Bxe6 Rxd1 25. Rxd1 fxe6 26. hxg3 Rxf3 27. Rd3 Rf1 28. c3 1/2-1/2